| Tag |
First Indicator |
Second Indicator |
Subfields |
| LEADER |
00000cjm a2200000 a 4500 |
| 001 |
in00001429621 |
| 005 |
20151020083147.0 |
| 007 |
sd fungnn|||ed |
| 008 |
970623p19961956caujzn fi N/A d |
| 024 |
1 |
|
|a 2521818842
|
| 028 |
0 |
2 |
|a OJCCD-1884-2
|b Riverside
|
| 035 |
|
|
|a (OCoLC)37178738
|
| 035 |
|
|
|9 AHR4314AM
|
| 040 |
|
|
|a JQF
|c JQF
|d TXA
|d UtOrBLW
|
| 049 |
|
|
|a TXAM
|
| 090 |
|
|
|a M1366.M38
|b J39 1996
|
| 110 |
2 |
|
|a Matthew Gee All-Stars.
|
| 245 |
1 |
0 |
|a Jazz by Gee! /
|c Matthew Gee All-Stars.
|
| 264 |
|
1 |
|a Berkeley, CA :
|b Riverside Records :
|b Fantasy,
|c [1996]
|
| 264 |
|
4 |
|c ©1996
|
| 300 |
|
|
|a 1 sound disc :
|b digital ;
|c 4 3/4 in.
|
| 336 |
|
|
|a performed music
|b prm
|2 rdacontent
|
| 337 |
|
|
|a audio
|b s
|2 rdamedia
|
| 338 |
|
|
|a audio disc
|b sd
|2 rdacarrier
|
| 490 |
1 |
|
|a Original jazz classics
|
| 500 |
|
|
|a Compact disc.
|
| 511 |
0 |
|
|a Performed by the Matthew Gee All-Stars (Matthew Gee, trombone; Joe Knight, piano; Arthur Taylor, drums; with Ernie Henry, alto saxophone, and Wilbur Ware, bass (tracks 1-5); and with Kenny Dorham, trumpet, Frank Foster, tenor saxophone, Cecil Payne, baritone saxophone, and John Simmons, bass (tracks 6-8)
|
| 518 |
|
|
|a Recorded at Reeves Sound Studios, New York City, on August 22, 1956 (tracks 1-5) and July 19, 1956 (tracks 6-8)
|
| 500 |
|
|
|a Program notes by Orrin Keepnews inserted in container.
|
| 505 |
0 |
|
|a Out of nowhere (3:22) -- I'll remember April (4:14) -- Joram (3:02) -- Sweet Georgia Brown (2:55) -- Lover man (oh, where can you be) (4:58) -- Gee! (6:08) -- Kingston lounge (8:42) -- The boys from Brooklyn (7:55)
|
| 500 |
|
|
|a Sound recording.
|
| 650 |
|
0 |
|a Jazz.
|
| 700 |
1 |
|
|a Gee, Matthew,
|d 1925-1979.
|
| 700 |
1 |
|
|a Knight, Joe.
|
| 700 |
1 |
|
|a Taylor, Montana,
|d 1903-1954.
|
| 700 |
1 |
|
|a Henry, Ernie.
|
| 700 |
1 |
|
|a Ware, Wilbur.
|
| 700 |
1 |
|
|a Dorham, Kenny,
|d 1924-1972.
|
| 700 |
1 |
|
|a Foster, Frank,
|d 1928-2011.
|
| 700 |
1 |
|
|a Payne, Cecil.
|
| 700 |
1 |
|
|a Simmons, John,
|d 1918-1979.
|
| 710 |
2 |
|
|a Fantasy Records.
|
| 830 |
|
0 |
|a Original jazz classics.
|
| 948 |
|
|
|a c:jlg
|
| 999 |
|
|
|a MARS
|
| 999 |
f |
f |
|s 15d58164-cd82-3845-a257-44479c2c5c06
|i 50bb23f2-fb9a-315a-afc8-addfc85fb88e
|t 0
|
| 952 |
f |
f |
|p ric
|a Texas A&M University
|b Rellis Campus
|c Joint Library Facility
|d Remote Storage
|t 0
|e M1366.M38 J39 1996
|h Library of Congress classification
|i audio -- audio disc
|m A14823423282
|
| 998 |
f |
f |
|a M1366.M38 J39 1996
|t 0
|l Remote Storage
|